El evangelio y las madres
保存先:
| 第一著者: | |
|---|---|
| フォーマット: | 図書 |
| 言語: | スペイン語 |
| 出版事項: |
Barcelona
Gustavo Gili
1914
|
| 版: | 1a. ed |
| 主題: | |
| タグ: |
タグ追加
タグなし, このレコードへの初めてのタグを付けませんか!
|
MARC
| LEADER | 00000cam a2200000 a 4500 | ||
|---|---|---|---|
| 001 | UCD0077 | ||
| 003 | CL-VaPUC | ||
| 008 | 151112e19140000sp |||||||||||||||||spa|d | ||
| 082 | 0 | 4 | |a 218 |b BOL |2 21 |
| 100 | 0 | |a Bolo, Enrique |e author |9 583074 | |
| 245 | 1 | 3 | |a El evangelio y las madres |
| 250 | |a 1a. ed | ||
| 300 | |a 271 p | ||
| 942 | |c BK | ||
| 945 | |d 20151112 20:22:00 |a gsalatino | ||
| 260 | |a Barcelona |b Gustavo Gili |c 1914 | ||
| 650 | 0 | |a Mujeres |9 257649 | |
| 650 | 0 | |a Teología cristiana |9 308336 | |
| 650 | 0 | |a Mujeres en el cristianismo |9 319961 | |
| 650 | 7 | |a EVANGELIO |2 CL-VaPUC |9 368586 | |
| 650 | 0 | |a Religión |9 255164 | |
| 583 | |a last modification |c 20151112 20:22:00 |k Rodrigo Vera | ||
| 999 | |c 361699 |d 361697 | ||
| 952 | |0 0 |1 0 |3 erd |4 0 |6 218_000000000000000_BOL_1914 |7 0 |8 P |9 472339 |a BIBTEO |b BIBTES |c TEO_FTES |i 5270014 |o 218 BOL 1914 |p 5270014 |r 2024-01-18 |w 2019-11-24 |y BK |z Catalogado en:20151112 |k ICR | ||